000 003270000a22001450004500
003 MACL
040 _aMACL
090 _c6262
_d6261
100 _aAdarkar, Priya
245 _aSilence, The Court is in Session
_bVijay Tendulkar
260 _bOxford University Press
_c1978
350 _a9
650 _aDrama
942 _cBOOK
_k822
999 _c6214
_d6214